Statystyki dla Wszystkie rodzaje drewna w minecraft

Kliknij tutaj aby rozwiązać quiz!

Ogólne statystyki

  • Ten quiz został rozwiązany 170 razy
  • Średni wynik to 5 z 8

Statystyki odpowiedzi

Rodzaje drewna% Poprawnych
Ciemne dębowe
95%
Dębowe
95%
Brzozowe
92%
Świerkowe
83%
Akacjowe
74%
Tropikalne
48%
Spaczone
25%
Szkarłatne
21%

Rozkład punktacji

Percentyl według liczby udzielonych odpowiedzi

Procent ludzi z każdym wynikiem

Twoja historia wyników

Nie rozwiązałeś tego quizu